000 01870nam a2200445 a 4500
001 00172
003 DO-SdBNP
005 20170228101142.0
007 00172
008 091118s2008 dr a 2008 000 0 spa d
020 _a9789945112009 (v. 2) Guía
020 _a9789945112245 (v. 3) Cuaderno
040 _aBPMSU
_bspa
_cBPMSU
092 _a372.83
_bC238s 1ro. 2008
100 1 _aCapellán Almonte, Fanny
245 0 0 _aSociedad 1 :
_bbásica /
_cFanny Capellán Almonte; editora Margarita Castro Catrain.
260 _aSanto Domingo :
_bSantillana,
_c2008.
300 _a2 v. :
_bil., mapas., retrs. ;
_c28 cm.
490 1 _aCoral
500 _aLa biblioteca solamente posee la guía y el cuaderno
505 0 _gv. 1 :
_tUnidad 1 --
_tAsí somos --
_tUnidad 2 --
_tDónde Vivo --
_tUnidad 3 --
_tDónde aprendo --
_tUnidad 4 --
_tMi comunidad --
_tUnidad 5 --
_tEl campo y la ciudad --
_tUnidad 6 --
_tMis necesidades --
_gUnidad 7 --
_tTrabajo y producción --
_tUnidad 8 --
_tMi país /
650 4 _aCIENCIAS SOCIALES
_xENSEÑANZA BÁSICA
650 4 _aCIENCIAS SOCIALES
_xEDUCACIÓN PRIMARIA
650 4 _aCIENCIAS SOCIALES
_xLIBROS DE TEXTOS
650 4 _aCIENCIAS SOCIALES
_xESTUDIOS Y EJERCICIOS
650 4 _aEDUCACIÓN PRIMARIA
_zREPÚBLICA DOMINICANA
700 1 _aCastro Catrain, Margarita,
_eed.
830 0 _aCoral
910 _aValidado. Control de calidad MFF
930 _lBND01
_mLF1
_820091130
_f01
_pOI
_g8647
930 _lBND01
_mLF1
_820091201
_f04
_pOI
_g8646
930 1 _lBND01
_mLF1
_820091130
_f01
_pCT
_g8646
930 1 _lBND01
_mLF1
_820091130
_f01
_pOI
_g8646
930 1 _lBND01
_mLF1
_820091201
_f01
_pOI
_g8646
930 1 _lBND01
_mLF1
_820091201
_f01
_pOI
_g8646
942 _2ddc
_cBK
956 _aYLOCKWARD
_b10
_c20150612
_lBND01
_h1146
956 _aVMATEO
_b10
_c20150615
_lBMET02
_h00151
956 _aBTAVÁREZ
_b10
_c20160408
_lBPMSU
_h00172
999 _c7911
_d7911